| 000 | 00417nam a22001577a 4500 | ||
|---|---|---|---|
| 005 | 20170809103431.0 | ||
| 008 | 170809b xxu||||| |||| 00| 0 eng d | ||
| 020 | _a9772250365 | ||
| 040 | _cPK-LaUMT | ||
| 082 |
_aZIAC 297 _bYUS-M |
||
| 100 | _aYusuf Al Qarzawi | ||
| 245 |
_aMalameh ul mujtama ul Muslim/ _cYusuf Al Qarzawi |
||
| 260 |
_aقاھرہ: _bمکتبہ وھبۃ، _c1993 |
||
| 300 | _a399 ص | ||
| 942 | _cBK | ||
| 999 |
_c96776 _d96776 |
||